| Поле | Название | Значение |
| |
Тип записи |
a |
| |
Библиографический уровень |
m |
| 001 |
Контрольный номер |
9aa07e7f8bff453abf40db8aa2481d6c |
| 005 |
Дата корректировки |
20230707133308.9 |
| 010 |
Индекс ISBN |
__ |
| a |
ISBN |
978-5-04-090470-9 |
| d |
Цена |
196-88 |
| 100 |
Данные общей обработки |
__ |
| a |
Данные общей обработки |
20200324d2020####m##y0rusy50######ca |
| 101 |
Язык документа |
0_ |
| a |
Язык текста |
rus |
| 102 |
Страна публикации |
__ |
| a |
Страна публикации |
RU |
| 200 |
Заглавие и сведения об ответственности |
1_ |
| a |
Заглавие |
Жестокий принц |
| f |
Первые сведения об ответственности |
Холли Блэк |
| g |
Последующие сведения об ответственности |
перевод с английского С. Самуйлова |
| 210 |
Выходные данные |
1_ |
| a |
Место издания |
Москва |
| c |
Издательство |
Эксмо |
| c |
Издательство |
Freedom |
| d |
Дата издания |
2020 |
| 215 |
Физическое описание |
__ |
| a |
Объем |
476, [2] с. |
| 225 |
Серия (Журнальная рубрика) |
2_ |
| a |
Серия (Журнальная рубрика) |
Young Adult |
| i |
Наименование части |
Бестселлер Холли Блэк. Воздушный народ |
| 333 |
Примечание о целевом назначении |
__ |
| a |
Примечание о целевом назначении |
16+ |
| 606 |
Тематические рубрики |
__ |
| a |
Основная рубрика |
Художественная литература |
| 606 |
Тематические рубрики |
__ |
| a |
Основная рубрика |
Литература Европы (произведения) |
| 610 |
Ключевые слова |
0_ |
| a |
Ключевые слова |
английская литература |
| a |
Ключевые слова |
романы |
| 686 |
Индексы других классификаций |
__ |
| a |
Индекс ББК |
84(7Сое)6-4 |
| 700 |
Автор |
_1 |
| a |
Фамилия |
Блэк |
| b |
Имя |
Х. |
| g |
Полное личное имя |
Холли |
| 702 |
Вторичная интеллектуальная ответственность |
_1 |
| a |
Фамилия |
Самуйлов |
| b |
Имя |
С. |
| 801 |
Источник записи |
_0 |
| a |
Страна |
RU |
| b |
Организация |
Центральная районная библиотека им. Г. А. Пирожникова |
| c |
Дата составления |
2020.03.24 |
| g |
Правила каталогизации |
bzbo |
| 801 |
Источник записи |
_1 |
| a |
Страна |
RU |
| b |
Организация |
Центральная районная библиотека им. Г. А. Пирожникова |
| c |
Дата составления |
2020.03.24 |
| g |
Правила каталогизации |
PSBO |
| 852 |
Данные о местонахождении |
__ |
| j |
Шифр хранения |
84(7Сое)6 |
| i |
Авторский знак |
Б 709 |
| 901 |
Тип документа |
__ |
| t |
Тип документа |
m |
| 902 |
Роль лиц |
__ |
| a |
Создатель БЗ |
ОКиО/Шумских |